Quizzes
Events
Quiz Creation
Community
Videos
Private Events
Remove Ads
Sign In
Join for FREE
Feedback
Dark Mode
Quiz Categories
Sports
Geography
Music
Movies
Television
Just For Fun
Miscellaneous
History
Literature
Language
Science
Gaming
Entertainment
Religion
Holiday
For Kids
Quiz Lab
Recent
Popular Today
Quiz Kudos Today
Editor Picks
Curator Picks
Quizzes by...
Day
Popularity
Type
Ratings
Length
Year
Community
Subscriptions
Recent Discussions
Orange Saloon
Badges
Playlists
Quests
Create
Leaderboards
Showdown
Live 5
Trivia Bingo
Activity
Puzzle Library
Sporcle Events
Private Events
Virtual Trivia
Globe League
Become a Host
Pub Owners
SporcleCon
Opinionation
Our Games
Videos
Blog
Mobile Apps
Partnerships
Remove Ads and Go Orange
Feedback
Music
Pop Music
The Beatles
Song
Album
Lyrics
Bands
Singers
Artist
Clip
Rock
Rap
Classical
Billboard
Country Music
Kpop
Taylor Swift
Music
Pop Music
The Beatles
Song
Album
Lyrics
Bands
Singers
Artist
Clip
Rock
Rap
Classical
Billboard
Country Music
Kpop
Taylor Swift
Random Quiz
Search Sporcle
×
Quiz Lab
Quiz Lab
Music
Bands
Type in answers that appear in a list
Type in answers that appear in a list
Classic
Best Score? Go Orange.
If That Is Your Real Name... Stats
Can you name the musical group when given the member's birth names?
By
Keyless
4m
20 Questions
16 Plays
16 Plays
16 Plays
Comments
Comments
Give Quiz Kudos
Give Quiz Kudos
-
- Ratings
hide this ad
Random Order
Randomize order of answers
Randomize order of answers
Replay
Link that replays current quiz
Next Quiz
Link to next quiz in quiz playlist
You Got
0%
They Got
Avg Score
49%
Avg Friend Score
Upgrade to see
Score Distribution
Jump to the score distribution portion of the page
Score
0/20
Timer
04:00
0
Plays Today
Members
Band
% Correct
Gordon Sumner, Andrew Summers, Stewart Copeland
The Police
93.8%
William Ward, Terence Butler, John Osbourne, Anthony Iommi
Black Sabbath
81.3%
Robert Nesmith, George Dolenz Jr., Peter Thorkelson, David Jones
The Monkees
75%
Saul Hudson, Jeffrey Isbell, Michael McKagan, William Rose, Jr., Michael Coletti
Guns N Roses
68.8%
Paul Hewson, Larry Mullen Jr, David Evans, Adam Clayton
U2
62.5%
Paul Cook, John Ritchie, John Lydon, Stephen Jones
Sex Pistols
62.5%
Stanley Eisen, Chaim Witz, Paul Frehley, George Criscuola
KISS
62.5%
William Adams, Allan Pineda, Jaime Gomez, Stacy Ferguson
The Black Eyed Peas
56.3%
Richard Otcasek, Benjamin Orzechowski, Elliot Steinberg, Greg Hawkes, David Robinson
The Cars
56.3%
John Mellor, Nicky Headon, Michael Jones, Paul Simonon
The Clash
50%
Members
Band
% Correct
Michael Diamond, Adam Horovitz, Adam Yauch
Beastie Boys
50%
Antwan Patton, Andre Benjamin
OutKast
43.8%
John Maher, Michael Joyce, Steven Morrissey, Andrew Rourke
The Smiths
43.8%
Brian Warner, Scott Putesky, Stephen Bier, Fred Streithorst, Jeordie White
Marilyn Manson
43.8%
John Cummings, Douglas Colvin, Jeffery Hyman, Thomas Erdelyi
Ramones
31.3%
O'Shea Jackson, Andre Young, Eric Wright, Antoine Carraby
N.W.A.
31.3%
Vincent Wharton, Frank Feranna, Jr., Thomas Bass, Robert Deal
Mötley Crüe
25%
Robert Diggs, Gary Grice, Dennis Coles, Clifford Smith, Jason Hunter, Lamont Hawkins, Corey Woods, Russell Jones, Elgin Turner
Wu-Tang Clan
25%
Carlton Ridenhour, William Drayton Jr., Norman Rogers
Public Enemy
12.5%
Eric Boucher, Darren Henley, Raymond Pepperell, Geoffrey Lyall
Dead Kennedys
6.3%
Quiz Playlist
Details
Report
Send in Message
Add To Playlist
Classic:
Type in answers that appear in a list
Random Order:
Randomize order of answers
Quiz Source
Last Updated: Feb 7, 2020
Quiz Scoreboard
CHALLENGE
Sign Up to Join the Scoreboard
Show All
Scores
Hide
Comments
May contain spoilers
Recently Published
Presidents Visiting Landmarks
by Hejman
History
7m
An Introduction to Baseball
by treessimontrees
Sports
5m
Movies - When Are They Set?
by FPL_Elf
Movies
5m
More to Explore
Quiz From the Vault
Featured Blog Post
Where Did the Easter Bunny Come From?
hide this ad
You Might Also Like...
Tags
Bands Quiz
Real Names
Today's Top Quizzes in Music
Browse Music
hide this ad
Today's Top Quizzes in Bands
Browse Bands
Top Contributed Quizzes in Music
1
Taylor Swift All Songs (2024)
2
Guess the Artist- 70s Songs
3
One Thing in Common: Music
4
KPOP LOGIC QUIZ
5
2010s Album by Cover III
6
Taylor Swift Logic Puzzle
7
Guess the Taylor Swift song (Mystery Song)
8
7-to-1: Billboard Hot 100 #1 Hits of 2010s
9
2010s Album by Cover IV
10
2010s Album by Cover V
Explore More
Trending Topics
Kpop
Harry Potter
Disney
Anime
Marvel
NBA
Crossword
Puzzle
NFL
Soccer
The Office
Song
Country
WWE
Pokémon
hide this ad
More By:
Keyless
Quiz
Plays
Rating
Category
Featured
Created
Road Scholar - World
23
4.80
Geography
Feb 12, 2020
If That Is Your Real Name...
16
4.50
Music
Feb 7, 2020
Go to Creator's Profile
Score Distribution
Quiz Creator Spotlight
Keyless
Follow
Send a Message
Quizzes Created
-
Created Quiz Play Count
-
More By This Creator
Popular Quizzes Today
1
Find the US States - No Outlines Minefield
2
Find the Countries of Europe - No Outlines Minefield
3
The Countries of the World
4
Popular People in 1961
5
Find the US States
6
US States
7
Risky Map Clicking: Biggest States A-Z
8
1-10 Letter E Words III
More Music Quizzes
'Light My Fire' Lyrics
Published
Trending Quizzes
Risky Map Clicking: Least Populous States A-Z
1-10 Letter G Words
1-10 Letter F Words
One Thing in Common: United Kingdom
Risky Map Clicking: Next State Alphabetically
Recently Updated
Leaping Animals
pecheneg
Reality TV Shows (A-Z)
bhenderson79
Rickey Henderson's Hall of Fame Teammates
pecheneg
Champions League XIs: Arsenal
pecheneg
Quick Pick: Celebrities in WWE's Hall of Fame
aduchscher
A-Z Keypad Blitz II
pecheneg
Multiple Oscar Actors
pecheneg
Mystery Phrase Blitz: Oscar 'Best Actors'
pecheneg
F. Scott Fitzgerald Novels
LTH
Pick 3 Villains
ddd62291
Trending Topics
NBA
Harry Potter
Kpop
Marvel
Disney
Crossword
Anime
Puzzle
WWE
NFL
Pokémon
The Office
Soccer
Song
Country
Your Account Isn't Verified!
In order to create a playlist on Sporcle, you need to verify the email address you used during registration. Go to your
Sporcle Settings
to finish the process.
Report this User
Report this user for behavior that violates our
Community Guidelines
.
Details:
Send Report
Go to the Sporcle.com Mobile Site →
Comments